000 00310nam a2200145Ia 4500
100 _aJOHN/K/C/
650 _aPRODUCTION
942 _cBK
366 _f25
245 _aEngineering Graphics
260 _bPrentice Hall of India
_aNew Delhi
_c2001
082 _a604.2/JOH
300 _a520
546 _aENGLISH
999 _c27265
_d27265